| 000 | 01514cam a22003011i 4500 | ||
|---|---|---|---|
| 003 | OSt | ||
| 005 | 20241229142430.0 | ||
| 008 | 241229s1983 pk g 000 0 ara c | ||
| 040 |
_aSA-JeALM _bara _cSA-RiAUC _erda |
||
| 082 | 0 | 4 |
_a258.1 _qSA-RiAUC |
| 090 |
_a258.1 _b س ب ك |
||
| 100 | 1 |
_aالسبكي، تاج الدين عبدالوهاب بن علي بن عبدالكافي _dتوفي 771 هـ _eمؤلف. |
|
| 245 | 1 | 2 |
_aالاشباه والنظائر / _cتأليف الامام تاج الدين عبدالوهاب بن علي بن عبدالكافي السبكي . تحقيق عادل احمد عبدالموجود . علي محمد عوض |
| 250 | _aالطبعة الأولى. | ||
| 264 | 1 |
_aبيروت : _bدار الكتب العلمية، _c1991 |
|
| 300 |
_aمجلد ؛ _c24 سم |
||
| 336 |
_aنص _btxt _2rdacontent _3كتاب |
||
| 337 |
_aبدون وسيط _bn _2rdamedia |
||
| 338 |
_aمجلد _bnc _2rdacarrier |
||
| 500 | _aفي بداية الكتاب ملاحظات مهمة ومعايير منهجية في دراسة الفقه. وتاريخ بداية قراءة الشيخ رحمه الله للكتاب | ||
| 650 | 7 |
_aالفقه الحنفي _2aucsh |
|
| 650 | 7 |
_aالفقه الإسلامي _xمذاهب _2aucsh |
|
| 700 | 1 |
_aعبدالموجود، عادل احمد _eمحقق. |
|
| 700 | 1 | 2 |
_aعوض، علي محمد _eمحقق. |
| 740 | 0 | 2 | _aنزهة النواظر على الأشباه والنظائر |
| 942 |
_2ddc _cBOOK _n0 |
||
| 949 |
_aSA-JeALM _d241229 _uosman123 _n1 |
||
| 999 |
_c4060 _d4060 |
||